00548nam a22001697a 450000500170000000800410001702000180005804000570007604100080013310000180014124500450015926000520020430000210025650400530027765000230033065000250035320140903174930.0130930s2011 enk frn 001 0 eng  a9780199606214 aCO-BoUCMbspacAngélica RojasdAldemar Mondragón00aeng1 aMayr, Erasmus10aUnderstanding human agencycErasmus Mayr aOxfordaNew YorkbOxford University Pressc2011 ax, 309 páginas aIncluye referencias bibliográficas e índices 7aActo (Filosofía) 7aAgente (Filosofía)